| 000 | 00745nam a22002177a 4500 | ||
|---|---|---|---|
| 003 | dpl | ||
| 005 | 20180911145727.0 | ||
| 008 | 180911b xxu||||| |||| 00| 0 eng d | ||
| 010 | _aB-228233 | ||
| 035 | _aB-228233 | ||
| 040 |
_aDPL _bEN _c0 |
||
| 082 |
_a636.21420954 _bIND |
||
| 245 |
_aIndian dairy industry : _bannual diary resource book / _ced by G.C Chakraborty: graphics by Deepti Sharma [and] Neelima Augustine |
||
| 260 |
_aDelhi _bChawla dairy information centre pvt ltd _c2005 |
||
| 270 |
_a202, gupta arcade, shrestha vihar market _bDelhi _e110092 |
||
| 300 |
_a335p.: _c22cm |
||
| 700 | _aChakroborty, G.C. | ||
| 700 | _aSharma, Deepti | ||
| 700 | _aAugustine, Neelima | ||
| 942 |
_2ddc _cEN _h636.21420954 _mIND |
||
| 999 |
_c157348 _d157348 |
||